02604ngm a22004577a 4500006001900000007000300019008003700022020001500059024001700074082002200091245015800113260006800271300005500339500005300394500011600447500011600563508010200679511008100781520028000862521001201142538010001154546012301254586014601377653002301523655001801546655001801564700002701582700004001609700003101649700003001680700002901710700002701739700002901766700004001795700003101835700005501866710004101921942001701962999001701979952015001996a|||||s|||||00| 0 tz110622s2005cau|||||s|||| 00| 0 eng d a076781326X a043396021372 222a791.4372bOLI00aOliverh[videorecording] /cColumbia Pictures presents a Romulus Production; screenplay by Vernon Harris ; produced by John Wolf ; directed by Carol Reed aCulver City, Calif. : bColumbia TriStar Home Video, 2005c2005 a1 videodisc (154 min.) :b sd., col. ; c4 3/4 in. aOriginally produced as a motion picture in 1968. aBased on the stage musical by Lionel Bart, which in turn was based on the book Oliver Twist by Charles Dickens. aBased on the stage musical by Lionel Bart, which in turn was based on the book Oliver Twist by Charles Dickens. aMusic and lyrics by Lionel Bart ; director of photography, Oswald Morris ; editor, Ralph Kemplen. aRon Moody, Oliver Reed, Harry Secombe, Shani Wallis, Mark Lester, Jack Wild. aA young orphan, Oliver is left to fend for himself until he is befriended by a band of young thieves who quickly train him in their craft. But Oliver is not content to be a thief for he knows that life holds great joys and true happiness cannot be stolen, but must be earned. aRated G aDVD; Region 1, NTSC; Dolby digital 5.1.; widescreen format, preserving the 2.35:1 aspect ratio  aDialogue in English with optional soundtrack in French, and optional subtitles in English and French. Closed captioned a6 Academy Awards, Best Picture, Best Director, Best Score Adaptation, Best Art Direction, Best Sound, and Best Choreography (Honorary), 1968  cJune2011cJune2011 aMusical films aFeature films 925748aMoody, Roneact 925749aReed, Oliverd1938-1999eact 925750aSecombe, Harryeact 925751aWallis, Shanieact 925752aLester, Markeact 925753aWild, Jackeact 925754aBart, Lionelecmp 925755aReed, Carold1906-1976.edrt 925756aHarris, Vernoneaus 97486a Dickens, Charles,d1812-1870.tOliver Twist 925048aColumbia Pictures Corporation 2ddccCDVDMOV c15648d15648 00102ddc40708BaccahaMAINbMAINc2NDd2011-06-22epurchaseg149.00h12512l0o791.4372 OLIp000024273r2022-08-24 00:00:00w2011-06-22yCDVDN